[Event "European Youth Chess Championship B14"]
[Site "Prague, Top Hotel Prague"]
[Date "2012.08.24"]
[Round "8.56"]
[White "Hadzialic, Benjamin"]
[Black "Kravec, Patrik"]
[Result "1/2-1/2"]
[WhiteElo "1745"]
[BlackElo "1910"]
[PlyCount "67"]
[EventDate "2012.08.17"]

1. d4 d5 2. c4 e6 3. Nf3 c6 4. Nc3 f5 5. c5 Nf6 6. Bf4 Be7 7. e3 O-O 8. Bd3 Ne4
9. Bxe4 fxe4 10. Ne5 Nd7 11. b4 Nxe5 12. Bxe5 Rf5 13. O-O Bf6 14. Bd6 e5 15. a4
exd4 16. exd4 Bg5 17. Qb3 Bf4 18. Nxe4 Qh4 19. Bxf4 Rxf4 20. f3 Qh5 21. Ng3 Qh6
22. Qe3 Qf6 23. Nh5 Qxd4 24. Qxd4 Rxd4 25. b5 Bd7 26. bxc6 Bxc6 27. a5 a6 28.
Rfd1 Rc4 29. Rac1 Rb4 30. Rb1 Ra4 31. Ra1 Rb4 32. Rab1 Ra4 33. Ra1 Rb4 34. Rab1
1/2-1/2

[Event "European Youth Chess Championship B14"]
[Site "Prague, Top Hotel Prague"]
[Date "2012.08.24"]
[Round "8.57"]
[White "Balaji, Ananthanarayanan"]
[Black "Lukic, Lazar"]
[Result "1-0"]
[WhiteElo "1859"]
[BlackElo "1692"]
[PlyCount "139"]
[EventDate "2012.08.17"]

1. e4 e5 2. Nf3 Nc6 3. Bb5 Nf6 4. O-O Be7 5. Re1 d6 6. d4 exd4 7. Nxd4 Bd7 8.
Bxc6 Bxc6 9. Nxc6 bxc6 10. Nc3 O-O 11. Bf4 Nd7 12. Ne2 c5 13. Ng3 Bf6 14. c3
Rb8 15. Rb1 Bg5 16. Qg4 Bxf4 17. Qxf4 Ne5 18. Qd2 Qe7 19. Nf5 Qf6 20. Ne3 Qg6
21. Qd1 Rb7 22. Nf5 Qf6 23. f4 Nc6 24. Qd5 Rb6 25. Qd2 Re8 26. Ng3 h6 27. h3
Reb8 28. Kh2 Qe6 29. b3 a5 30. f5 Qe5 31. Rf1 f6 32. Rf4 Kh7 33. Rg4 Rg8 34.
Rg6 Ne7 35. Rg4 Nc6 36. Kh1 Qe8 37. Rh4 Qf7 38. Nh5 Ne5 39. Rf1 Rbb8 40. g4
Rbf8 41. g5 fxg5 42. Qxg5 Nd7 43. Rg1 Nf6 44. Nxf6+ Qxf6 45. Qg6+ Kh8 46. Qh5
Qe7 47. Rg6 Rf7 48. Qg4 Qf8 49. Qg5 Kh7 50. Qh5 Rf6 51. Rhg4 Qe7 52. Qh4 Qf8
53. Rxf6 gxf6 54. Rxg8 Kxg8 55. Qg4+ Kf7 56. Qg6+ Ke7 57. Kg2 Kd7 58. Kf3 Kc6
59. c4 Kb6 60. Qh7 c6 61. Qg6 a4 62. Kg4 Qe7 63. Kf3 Qf8 64. h4 Ka5 65. Qh7
axb3 66. Qa7+ Kb4 67. Qb6+ Kxc4 68. Qxb3+ Kd4 69. Qb2+ Kc4 70. Ke3 1-0

[Event "European Youth Chess Championship B14"]
[Site "Prague, Top Hotel Prague"]
[Date "2012.08.24"]
[Round "8.58"]
[White "Tsoi, Leo Z"]
[Black "Bares, Jachym"]
[Result "1-0"]
[WhiteElo "1849"]
[BlackElo "1684"]
[PlyCount "49"]
[EventDate "2012.08.17"]

1. e4 e5 2. Nf3 Nc6 3. d4 exd4 4. Nxd4 Bc5 5. Nb3 Bb6 6. Nc3 Nge7 7. Qe2 d6 8.
Be3 Be6 9. O-O-O Qc8 10. f3 O-O 11. g4 Bxe3+ 12. Qxe3 a5 13. a4 Bxb3 14. cxb3
Nb4 15. h4 Nec6 16. h5 Ne5 17. g5 g6 18. hxg6 fxg6 19. f4 Nec6 20. Bc4+ Kh8 21.
Nd5 Nxd5 22. Bxd5 Qd7 23. Qc3+ Qg7 24. Rxh7+ Kxh7 25. Rh1+ 1-0

[Event "European Youth Chess Championship B14"]
[Site "Prague, Top Hotel Prague"]
[Date "2012.08.24"]
[Round "8.59"]
[White "Abbasov, Zaur"]
[Black "Inan, Canberk"]
[Result "1-0"]
[WhiteElo "1839"]
[BlackElo "1673"]
[PlyCount "51"]
[EventDate "2012.08.17"]

1. d4 Nf6 2. c4 g6 3. Nc3 Bg7 4. e4 d6 5. f3 O-O 6. Be3 e5 7. Nge2 c6 8. Qd2 a6
9. g4 Nbd7 10. d5 cxd5 11. cxd5 b5 12. Ng3 Nb6 13. Bd3 Bb7 14. h4 Qd7 15. Bxb6
Rac8 16. a3 Qe7 17. Be3 Nd7 18. Qh2 Qf6 19. Bg5 Qxf3 20. Be2 Rxc3 21. Bxf3 Rxf3
22. O-O-O Rc8+ 23. Kb1 Nc5 24. Rdf1 Rb3 25. h5 Na4 26. Rf2 1-0

[Event "European Youth Chess Championship B14"]
[Site "Prague, Top Hotel Prague"]
[Date "2012.08.24"]
[Round "8.61"]
[White "Ramacker, Quinten"]
[Black "Cavadas, Francisco"]
[Result "0-1"]
[WhiteElo "1805"]
[BlackElo "1649"]
[PlyCount "34"]
[EventDate "2012.08.17"]

1. e4 c5 2. Nf3 g6 3. d4 cxd4 4. Nxd4 Bg7 5. Nc3 Nc6 6. Be3 Nf6 7. Bc4 O-O 8.
Bb3 a5 9. O-O Nxd4 10. Bxd4 d6 11. a4 Bd7 12. Qe2 Bc6 13. Rad1 Nd7 14. Nb5 Bxd4
15. Rxd4 Qb6 16. Qd3 Nc5 17. Rd1 Nxd3 0-1

[Event "European Youth Chess Championship B14"]
[Site "Prague, Top Hotel Prague"]
[Date "2012.08.24"]
[Round "8.62"]
[White "Rydl, Jiri"]
[Black "Svoboda, Filip"]
[Result "1-0"]
[WhiteElo "2021"]
[BlackElo "1706"]
[PlyCount "97"]
[EventDate "2012.08.17"]

1. e4 e6 2. d3 d5 3. Nd2 Nf6 4. Ngf3 b6 5. c3 Be7 6. Qa4+ Bd7 7. Qc2 Bc6 8. Be2
O-O 9. O-O Bb7 10. Re1 c5 11. h3 Qc7 12. a4 Nc6 13. Bf1 Rac8 14. Nb3 dxe4 15.
dxe4 Ne5 16. Nxe5 Qxe5 17. f4 Qc7 18. e5 Nd5 19. g3 Rfd8 20. Bg2 Rd7 21. Nd2
Rcd8 22. Ne4 Bf8 23. Ng5 g6 24. Ne4 Be7 25. b3 c4 26. b4 Kg7 27. Ba3 a6 28.
Rad1 a5 29. Rb1 axb4 30. cxb4 Nxb4 31. Bxb4 Bxb4 32. Rxb4 Bxe4 33. Qxc4 Qxc4
34. Rxc4 Bxg2 35. Kxg2 Rd2+ 36. Kf3 R8d4 37. Rxd4 Rxd4 38. Re4 Rd3+ 39. Re3
Rxe3+ 40. Kxe3 Kf8 41. Kd4 Ke7 42. Kc4 Kd7 43. Kb5 Kc7 44. Ka6 Kc6 45. Ka7 Kc7
46. g4 h6 47. h4 Kc6 48. Kb8 b5 49. a5 1-0

[Event "European Youth Chess Championship B14"]
[Site "Prague, Top Hotel Prague"]
[Date "2012.08.24"]
[Round "8.64"]
[White "Manfroi, Andrea"]
[Black "Sorin, Ilya"]
[Result "1/2-1/2"]
[WhiteElo "1786"]
[BlackElo "1575"]
[PlyCount "160"]
[EventDate "2012.08.17"]

1. e4 e5 2. Nf3 Nc6 3. Bc4 Nf6 4. d3 Bc5 5. c3 d6 6. O-O Bb6 7. Bb3 O-O 8. h3
h6 9. Re1 Re8 10. Nbd2 a6 11. Nf1 Bd7 12. Be3 Bxe3 13. Nxe3 Na5 14. Bc2 c5 15.
a3 b5 16. b4 cxb4 17. cxb4 Nc6 18. Bb3 Be6 19. Rc1 Rc8 20. Bxe6 fxe6 21. Qb3 d5
22. exd5 Nxd5 23. Nxd5 Qxd5 24. Qxd5 exd5 25. Rc5 e4 26. dxe4 dxe4 27. Nd2 Na7
28. Rxe4 Red8 29. Rxc8 Nxc8 30. Nb3 Kf7 31. Rf4+ Ke7 32. Nc5 Rd6 33. Re4+ Kf7
34. a4 bxa4 35. Nxa4 Nb6 36. Rf4+ Ke7 37. Nxb6 Rxb6 38. Kh2 Rb5 39. Kg3 a5 40.
bxa5 Rxa5 41. h4 h5 42. Kh3 g6 43. g4 hxg4+ 44. Kxg4 Ke6 45. f3 Ke7 46. Rb4 Kf6
47. Rb6+ Kf7 48. Rb4 Kf6 49. Re4 Rb5 50. Rc4 Ra5 51. f4 Rb5 52. Rc6+ Kf7 53.
Rc8 Kg7 54. Re8 Kf6 55. Re5 Rb1 56. h5 Rg1+ 57. Kf3 gxh5 58. Rxh5 Ra1 59. Re5
Ra6 60. Kg4 Rb6 61. Rh5 Kg7 62. Kg5 Rb1 63. Rh3 Rg1+ 64. Kf5 Ra1 65. Re3 Kf7
66. Re5 Rh1 67. Re4 Ra1 68. Rb4 Ra5+ 69. Kg4 Ra1 70. Kg5 Ra5+ 71. f5 Ra7 72.
Rh4 Kg7 73. f6+ Kg8 74. Kg6 Rg7+ 75. Kf5 Rg1 76. Re4 Kf7 77. Re7+ Kf8 78. Re5
Kf7 79. Rb5 Rf1+ 80. Kg5 Rg1+ 1/2-1/2

[Event "European Youth Chess Championship B14"]
[Site "Prague, Top Hotel Prague"]
[Date "2012.08.24"]
[Round "8.65"]
[White "Truksa, Vaclav"]
[Black "Cesenek, Jan"]
[Result "1/2-1/2"]
[WhiteElo "1673"]
[BlackElo "1736"]
[Annotator ",Microsoft"]
[PlyCount "45"]
[EventDate "2012.08.17"]

1. e4 e5 2. Nf3 Nc6 3. Bc4 Nf6 4. Nc3 Nxe4 5. Nxe4 d5 6. Bd3 dxe4 7. Bxe4 Bc5
8. Bxc6+ bxc6 9. Nxe5 Bxf2+ 10. Kxf2 Qd4+ 11. Kf1 Qxe5 12. Qe2 Qxe2+ 13. Kxe2
Bg4+ 14. Kf2 O-O-O 15. d3 Rhe8 16. Be3 Rd6 17. Rhe1 Rf6+ 18. Kg1 Rfe6 19. Kf2
Rf6+ 20. Kg1 Rfe6 21. Kf2 Rf6+ 22. Kg1 Rfe6 23. Kf2 $11 1/2-1/2

[Event "European Youth Chess Championship B14"]
[Site "Prague, Top Hotel Prague"]
[Date "2012.08.24"]
[Round "8.67"]
[White "Liebert, Erwin"]
[Black "Vangsgaard, Bjarke"]
[Result "0-1"]
[WhiteElo "1566"]
[BlackElo "1780"]
[PlyCount "64"]
[EventDate "2012.08.17"]

1. e4 d5 2. exd5 Qxd5 3. Nc3 Qa5 4. d4 Bf5 5. Nf3 Nf6 6. Bc4 e6 7. Ne5 c6 8.
Qe2 Bb4 9. Bd2 Nbd7 10. Nxd7 Nxd7 11. O-O-O Nf6 12. a3 Bxc3 13. Bxc3 Qc7 14. d5
Nxd5 15. Bxd5 cxd5 16. Rxd5 O-O 17. Rdd1 Rfd8 18. Rxd8+ Rxd8 19. Rd1 h6 20.
Rxd8+ Qxd8 21. Qd2 Qc7 22. Qd4 f6 23. g4 Bg6 24. f4 a6 25. h4 Qc6 26. Qf2 Qe4
27. g5 hxg5 28. hxg5 fxg5 29. fxg5 e5 30. Bb4 b6 31. Kb1 a5 32. Bd6 Qh1+ 0-1